<?xml version="1.0" encoding="UTF-8"?>
<record
    xmlns:xsi="http://www.w3.org/2001/XMLSchema-instance"
    xsi:schemaLocation="http://www.loc.gov/MARC21/slim http://www.loc.gov/standards/marcxml/schema/MARC21slim.xsd"
    xmlns="http://www.loc.gov/MARC21/slim">

  <leader>00402    a2200145   4500</leader>
  <controlfield tag="005">20250515134733.0</controlfield>
  <datafield tag="020" ind1=" " ind2=" ">
    <subfield code="a">978-0-07-160634-9</subfield>
  </datafield>
  <datafield tag="082" ind1=" " ind2=" ">
    <subfield code="a">LECT 006 BAK</subfield>
  </datafield>
  <datafield tag="100" ind1=" " ind2=" ">
    <subfield code="a">BAKER, D.</subfield>
  </datafield>
  <datafield tag="245" ind1=" " ind2=" ">
    <subfield code="a">How to do Everything: Adobe in Design CS4</subfield>
  </datafield>
  <datafield tag="260" ind1=" " ind2=" ">
    <subfield code="a">London,</subfield>
    <subfield code="b">McGraw Hill,</subfield>
    <subfield code="c">2009.</subfield>
  </datafield>
  <datafield tag="300" ind1=" " ind2=" ">
    <subfield code="a">xxiii,343p.:ill.; graphs, figure, picture.</subfield>
    <subfield code="b">Index.</subfield>
    <subfield code="c">22cm.</subfield>
  </datafield>
  <datafield tag="700" ind1=" " ind2=" ">
    <subfield code="a">FULLER, L. U</subfield>
  </datafield>
  <datafield tag="942" ind1=" " ind2=" ">
    <subfield code="2">ddc</subfield>
    <subfield code="c">BKS</subfield>
  </datafield>
  <datafield tag="999" ind1=" " ind2=" ">
    <subfield code="c">1820</subfield>
    <subfield code="d">1820</subfield>
  </datafield>
  <datafield tag="952" ind1=" " ind2=" ">
    <subfield code="r">2025-04-30 09:59:15</subfield>
    <subfield code="l">0</subfield>
    <subfield code="o">LECT 006 BAL</subfield>
    <subfield code="p">0000007083</subfield>
    <subfield code="v">191952.00</subfield>
    <subfield code="w">2025-04-30</subfield>
    <subfield code="y">BKS</subfield>
    <subfield code="1">0</subfield>
    <subfield code="2">ddc</subfield>
    <subfield code="4">0</subfield>
    <subfield code="7">0</subfield>
    <subfield code="0">0</subfield>
    <subfield code="a">CBEML</subfield>
    <subfield code="b">CBEML</subfield>
    <subfield code="c">GEN</subfield>
    <subfield code="d">2012-07-16</subfield>
    <subfield code="g">63984.00</subfield>
  </datafield>
  <datafield tag="952" ind1=" " ind2=" ">
    <subfield code="r">2025-04-30 09:59:15</subfield>
    <subfield code="l">0</subfield>
    <subfield code="o">LECT 006 BAL</subfield>
    <subfield code="p">0000007084</subfield>
    <subfield code="v">191952.00</subfield>
    <subfield code="w">2025-04-30</subfield>
    <subfield code="y">BKS</subfield>
    <subfield code="1">0</subfield>
    <subfield code="2">ddc</subfield>
    <subfield code="4">0</subfield>
    <subfield code="7">0</subfield>
    <subfield code="0">0</subfield>
    <subfield code="a">CBEML</subfield>
    <subfield code="b">CBEML</subfield>
    <subfield code="c">GEN</subfield>
    <subfield code="d">2012-07-16</subfield>
    <subfield code="g">63984.00</subfield>
  </datafield>
  <datafield tag="952" ind1=" " ind2=" ">
    <subfield code="r">2025-04-30 09:59:15</subfield>
    <subfield code="l">0</subfield>
    <subfield code="o">LECT 006 BAL</subfield>
    <subfield code="p">0000007085</subfield>
    <subfield code="v">191952.00</subfield>
    <subfield code="w">2025-04-30</subfield>
    <subfield code="y">BKS</subfield>
    <subfield code="1">0</subfield>
    <subfield code="2">ddc</subfield>
    <subfield code="4">0</subfield>
    <subfield code="7">0</subfield>
    <subfield code="0">0</subfield>
    <subfield code="a">CBEML</subfield>
    <subfield code="b">CBEML</subfield>
    <subfield code="c">GEN</subfield>
    <subfield code="d">2012-07-16</subfield>
    <subfield code="g">63984.00</subfield>
  </datafield>
  <datafield tag="952" ind1=" " ind2=" ">
    <subfield code="r">2025-04-30 09:59:15</subfield>
    <subfield code="l">0</subfield>
    <subfield code="o">LECT 006 BAL</subfield>
    <subfield code="p">0000007086</subfield>
    <subfield code="v">191952.00</subfield>
    <subfield code="w">2025-04-30</subfield>
    <subfield code="y">BKS</subfield>
    <subfield code="1">0</subfield>
    <subfield code="2">ddc</subfield>
    <subfield code="4">0</subfield>
    <subfield code="7">0</subfield>
    <subfield code="0">0</subfield>
    <subfield code="a">CBEML</subfield>
    <subfield code="b">CBEML</subfield>
    <subfield code="c">GEN</subfield>
    <subfield code="d">2012-07-16</subfield>
    <subfield code="g">63984.00</subfield>
  </datafield>
  <datafield tag="952" ind1=" " ind2=" ">
    <subfield code="r">2025-04-30 09:59:15</subfield>
    <subfield code="l">0</subfield>
    <subfield code="o">LECT 006 BAL</subfield>
    <subfield code="p">0000007087</subfield>
    <subfield code="v">191952.00</subfield>
    <subfield code="w">2025-04-30</subfield>
    <subfield code="y">BKS</subfield>
    <subfield code="1">0</subfield>
    <subfield code="2">ddc</subfield>
    <subfield code="4">0</subfield>
    <subfield code="7">0</subfield>
    <subfield code="0">0</subfield>
    <subfield code="a">CBEML</subfield>
    <subfield code="b">CBEML</subfield>
    <subfield code="c">GEN</subfield>
    <subfield code="d">2012-07-16</subfield>
    <subfield code="g">63984.00</subfield>
  </datafield>
</record>
